<?xml version="1.0" encoding="UTF-8"?>
<record
    xmlns:xsi="http://www.w3.org/2001/XMLSchema-instance"
    xsi:schemaLocation="http://www.loc.gov/MARC21/slim http://www.loc.gov/standards/marcxml/schema/MARC21slim.xsd"
    xmlns="http://www.loc.gov/MARC21/slim">

  <leader>03479nam a2200397 a 4500</leader>
  <controlfield tag="003">CHAP</controlfield>
  <controlfield tag="005">20240517094237.0</controlfield>
  <controlfield tag="007">ta</controlfield>
  <controlfield tag="008">220802s2019    mx doabf |||| 001 0 spa d</controlfield>
  <datafield tag="040" ind1=" " ind2=" ">
    <subfield code="a">mxchpua</subfield>
  </datafield>
  <datafield tag="090" ind1=" " ind2=" ">
    <subfield code="a">T.C.803</subfield>
    <subfield code="b">S26 IAI</subfield>
    <subfield code="c">2019</subfield>
  </datafield>
  <datafield tag="245" ind1="1" ind2="0">
    <subfield code="a">Reporte de la fase de campo de Interelaci&#xF3;n Agricultura-Industria para los sistemas producto miel, chile habanero y coco en la pen&#xED;nsula de Yucat&#xE1;n /</subfield>
    <subfield code="c">coordinadora Ofelia Sandoval Castilla ; colaboradores Gloria Mariela Araiza M&#xE9;ndez...[et al.]</subfield>
  </datafield>
  <datafield tag="260" ind1=" " ind2=" ">
    <subfield code="a">Chapingo, M&#xE9;xico :</subfield>
    <subfield code="b">El autor,</subfield>
    <subfield code="c">2019</subfield>
  </datafield>
  <datafield tag="300" ind1=" " ind2=" ">
    <subfield code="a">180 hojas : </subfield>
    <subfield code="b">ilustraciones, mapas, gr&#xE1;ficas, diagramas, tablas, fotos +</subfield>
    <subfield code="e">1 CD-ROM</subfield>
  </datafield>
  <datafield tag="336" ind1=" " ind2=" ">
    <subfield code="2">rdacontent</subfield>
    <subfield code="a">texto</subfield>
    <subfield code="b">txt</subfield>
  </datafield>
  <datafield tag="337" ind1=" " ind2=" ">
    <subfield code="2">rdamedia</subfield>
    <subfield code="a">no mediado</subfield>
    <subfield code="b">n</subfield>
  </datafield>
  <datafield tag="338" ind1=" " ind2=" ">
    <subfield code="2">rdacarrier</subfield>
    <subfield code="a">volumen</subfield>
    <subfield code="b">nc</subfield>
  </datafield>
  <datafield tag="500" ind1=" " ind2=" ">
    <subfield code="a">Grado 5&#xB0; Grupo 3
Directorio: h. 177-180</subfield>
  </datafield>
  <datafield tag="502" ind1=" " ind2=" ">
    <subfield code="a">Viaje de Estudios</subfield>
    <subfield code="b">(IAI) --</subfield>
    <subfield code="c">UACh. Departamento de Ingenier&#xED;a Agroindustrial,</subfield>
    <subfield code="d">2019</subfield>
  </datafield>
  <datafield tag="504" ind1=" " ind2=" ">
    <subfield code="a">Bibliograf&#xED;a: h. 146-147</subfield>
  </datafield>
  <datafield tag="505" ind1=" " ind2="0">
    <subfield code="a">Visitas: -- </subfield>
    <subfield code="t">1. Apicultores de Champot&#xF3;n S.P.R. de R.L. -- 
2. Kaab metic a na'ay S.P. de R.L. -- 
3. Xunan-Kab "Los cheneritos" -- 
4. Miel y Cera de Campeche de S.P.R. de R.L. -- 
5. Tropical Honey S.A. de C.V. --
6. Oaxaca Miel S.A. de C.V. --
7. Mimiel S.A. de C.V. --
8. Casa del Apicultor --
9. Miel de Flores Mayas S.C. de R.L. --
10. Bio Mieles del Sureste S.A. de C.V. --
11. Microempresa productora de salsas del Sr. Bartolom&#xE9; May Mo&#xF3; --
12. Kinchiles Habanero Org&#xE1;nico S.C. de R.L. --
13. Industria Agr&#xED;cola Maya S.A. de C.V. --
14. Hacienda Carolina --
15. El Rey del Chile, Central de Abastos del estado de Yucat&#xE1;n --
16. High Tech Agroindustrial S.A. de C.V. --
17. Ad Naturam --
18. Fundaci&#xF3;n San Crisanto A.C. --
19. Coquito Itzel --
20. El Boledo S.C. de L.R. de C.V. --
21. Fundaci&#xF3;n Quintana Roo Produce A.C. --
22. Uni&#xF3;n de Productores de Coco y Derivados A.C. --
23. Fideicomisos de Riesgos Compartidos (FIRCO) Sede Chetumal, Quintana Roo --
24. Centro de Investigaci&#xF3;n Cient&#xED;fica de Yucat&#xE1;n (CICY) Sede M&#xE9;rida, Yucat&#xE1;n --
25. Consejo Estatal de Productores de Chile Habanero (CEPROCH) --
26. Secretar&#xED;a de Agricultura y Desarrollo Rural (SADER) Sede M&#xE9;rida, Yucat&#xE1;n --
27. Instituto Nacional de Investigaciones Forestales, Agr&#xED;colas y Pecuarios (INIFAP) Sede M&#xE9;rida, Yucat&#xE1;n --
28. Fideicomisos Instituidos en Realci&#xF3;n con la Agricultura (FIRA) Sede Chetumal, Quintana Roo </subfield>
  </datafield>
  <datafield tag="650" ind1="1" ind2="3">
    <subfield code="a">Miel y productos fabricados por abejas</subfield>
    <subfield code="z">M&#xE9;xico</subfield>
    <subfield code="z">Yucat&#xE1;n (Pen&#xED;nsula)</subfield>
  </datafield>
  <datafield tag="650" ind1="1" ind2="3">
    <subfield code="a">Apicultura</subfield>
    <subfield code="z">M&#xE9;xico</subfield>
    <subfield code="z">Yucat&#xE1;n (Pen&#xED;nsula)</subfield>
  </datafield>
  <datafield tag="650" ind1="1" ind2="3">
    <subfield code="a">Pimientos picantes  </subfield>
    <subfield code="x">Industria y comercio</subfield>
    <subfield code="z">M&#xE9;xico</subfield>
    <subfield code="z">Yucat&#xE1;n (Pen&#xED;nsula)</subfield>
  </datafield>
  <datafield tag="650" ind1="1" ind2="3">
    <subfield code="a">Capsicum chinense  </subfield>
    <subfield code="z">M&#xE9;xico</subfield>
    <subfield code="z">Yucat&#xE1;n (Pen&#xED;nsula)</subfield>
  </datafield>
  <datafield tag="650" ind1="1" ind2="3">
    <subfield code="a">Cocos (fruto)  </subfield>
    <subfield code="z">M&#xE9;xico</subfield>
    <subfield code="z">Yucat&#xE1;n (Pen&#xED;nsula)</subfield>
  </datafield>
  <datafield tag="650" ind1="1" ind2="3">
    <subfield code="a">Productos derivados del coco  </subfield>
    <subfield code="x">Industria y Comercio</subfield>
    <subfield code="z">M&#xE9;xico</subfield>
    <subfield code="z">Yucat&#xE1;n (Pen&#xED;nsula)</subfield>
  </datafield>
  <datafield tag="650" ind1="1" ind2="3">
    <subfield code="a">Honey and bee products</subfield>
    <subfield code="z">M&#xE9;xico </subfield>
    <subfield code="z">Yucat&#xE1;n (Pen&#xED;nsula)</subfield>
  </datafield>
  <datafield tag="650" ind1="1" ind2="3">
    <subfield code="a">Apiculture  </subfield>
    <subfield code="z">Mexico</subfield>
    <subfield code="z">Yucatan (Peninsula)</subfield>
  </datafield>
  <datafield tag="650" ind1="1" ind2="3">
    <subfield code="a">Hot peppers</subfield>
    <subfield code="x">Industry and trade</subfield>
    <subfield code="z">Mexico</subfield>
    <subfield code="z">Yucat&#xE1;n (Peninsula)</subfield>
  </datafield>
  <datafield tag="650" ind1="1" ind2="3">
    <subfield code="a">Coconuts</subfield>
    <subfield code="z">M&#xE9;xico</subfield>
    <subfield code="z">Yucat&#xE1;n (Peninsula)</subfield>
  </datafield>
  <datafield tag="650" ind1="1" ind2="3">
    <subfield code="a">Coconut products</subfield>
    <subfield code="x">Industry and trade</subfield>
    <subfield code="z">Mexico</subfield>
    <subfield code="z">Yucat&#xE1;n (Peninsula)</subfield>
  </datafield>
  <datafield tag="700" ind1="1" ind2=" ">
    <subfield code="a">Sandoval Castilla, Ofelia</subfield>
    <subfield code="e">coordinadora</subfield>
    <subfield code="9">102104</subfield>
  </datafield>
  <datafield tag="700" ind1="1" ind2=" ">
    <subfield code="9">185305</subfield>
    <subfield code="a">Araiza M&#xE9;ndez, Gloria Mariela</subfield>
    <subfield code="e">colaboradora</subfield>
  </datafield>
  <datafield tag="856" ind1="4" ind2="1">
    <subfield code="u">http://10.13.5.2/ve/T_C_803_IAI/T_C_803_IAI_2019_REPORTE.pdf</subfield>
    <subfield code="y">DESCARGAR REPORTE</subfield>
  </datafield>
  <datafield tag="999" ind1=" " ind2=" ">
    <subfield code="c">217533</subfield>
    <subfield code="d">217533</subfield>
  </datafield>
  <datafield tag="952" ind1=" " ind2=" ">
    <subfield code="0">0</subfield>
    <subfield code="1">0</subfield>
    <subfield code="2">local</subfield>
    <subfield code="4">0</subfield>
    <subfield code="5">1</subfield>
    <subfield code="7">0</subfield>
    <subfield code="8">VE</subfield>
    <subfield code="a">IA_</subfield>
    <subfield code="b">IA_</subfield>
    <subfield code="d">2022-08-02</subfield>
    <subfield code="e">El autor</subfield>
    <subfield code="l">0</subfield>
    <subfield code="o">T.C.803 S26 IAI 2019</subfield>
    <subfield code="p">1106013438</subfield>
    <subfield code="r">2026-01-26 00:00:00</subfield>
    <subfield code="t">Ej. 1</subfield>
    <subfield code="y">VE</subfield>
  </datafield>
  <datafield tag="952" ind1=" " ind2=" ">
    <subfield code="0">0</subfield>
    <subfield code="1">0</subfield>
    <subfield code="2">local</subfield>
    <subfield code="4">0</subfield>
    <subfield code="5">1</subfield>
    <subfield code="7">0</subfield>
    <subfield code="8">VE</subfield>
    <subfield code="a">IA_</subfield>
    <subfield code="b">IA_</subfield>
    <subfield code="d">2022-08-02</subfield>
    <subfield code="e">El autor</subfield>
    <subfield code="l">0</subfield>
    <subfield code="o">T.C.803 S26 IAI 2019</subfield>
    <subfield code="p">1106013439</subfield>
    <subfield code="r">2022-08-02 00:00:00</subfield>
    <subfield code="t">Ej. 2</subfield>
    <subfield code="y">CD</subfield>
  </datafield>
  <datafield tag="952" ind1=" " ind2=" ">
    <subfield code="0">0</subfield>
    <subfield code="1">0</subfield>
    <subfield code="2">local</subfield>
    <subfield code="4">0</subfield>
    <subfield code="7">0</subfield>
    <subfield code="8">VEE</subfield>
    <subfield code="a">IA_</subfield>
    <subfield code="b">IA_</subfield>
    <subfield code="c">E_L</subfield>
    <subfield code="d">2023-02-22</subfield>
    <subfield code="e">El autor</subfield>
    <subfield code="l">0</subfield>
    <subfield code="o">T.C.803 S26 IAI 2019</subfield>
    <subfield code="p">1206013438</subfield>
    <subfield code="r">2023-02-22 00:00:00</subfield>
    <subfield code="w">2023-02-22</subfield>
    <subfield code="y">VEE</subfield>
  </datafield>
</record>
